UBT Library

The basics of American politics / (Record no. 40942)

000 -LEADER
fixed length control field 00869cam a2200265 i 4500
001 - CONTROL NUMBER
control field 18084432
005 - DATE AND TIME OF LATEST TRANSACTION
control field 20180125072957.0
008 - FIXED-LENGTH DATA ELEMENTS--GENERAL INFORMATION
fixed length control field 140327s2015 maua b 001 0 eng
010 ## - LIBRARY OF CONGRESS CONTROL NUMBER
LC control number 2014012091
020 ## - INTERNATIONAL STANDARD BOOK NUMBER
International Standard Book Number 9780133815436 (paperback)
020 ## - INTERNATIONAL STANDARD BOOK NUMBER
International Standard Book Number 0133815439 (paperback)
040 ## - CATALOGING SOURCE
Original cataloging agency DLC
Language of cataloging eng
Transcribing agency DLC
Description conventions rda
041 ## - LANGUAGE CODE
Language code of text/sound track or separate title eng
042 ## - AUTHENTICATION CODE
Authentication code pcc
043 ## - GEOGRAPHIC AREA CODE
Geographic area code n-us---
080 ## - UNIVERSAL DECIMAL CLASSIFICATION NUMBER
Universal Decimal Classification number 320.473 WAS
082 00 - DEWEY DECIMAL CLASSIFICATION NUMBER
Classification number 320.473 WAS
Edition number 23
100 1# - Rafti
Rafti 19
101 ## - Shkurtesa
Shkurtesa POL
245 14 - TITLE STATEMENT
Title The basics of American politics /
Statement of responsibility, etc Gary Wasserman, Georgetown University.
504 ## - BIBLIOGRAPHY, ETC. NOTE
Bibliography, etc Includes bibliographical references and index.
906 ## - LOCAL DATA ELEMENT F, LDF (RLIN)
a 7
b vip
c orignew
d 1
e ecip
f 20
g y-gencatlg
942 ## - ADDED ENTRY ELEMENTS (KOHA)
Source of classification or shelving scheme
Item type Books
Holdings
Withdrawn status Lost status Source of classification or shelving scheme Damaged status Not for loan Collection code Permanent location Current location Shelving location Date acquired Total Checkouts Full call number Barcode Date last seen Price effective from Koha item type
          Koleksioni i përgjithshem UBT - Lipjan UBT - Lipjan Koleksioni i përgjithshem 01/25/2018   320.473 WAS 002-2996170 01/25/2018 01/25/2018 Books
UBT Library © 2015-2024. All rights reserved University Education for Business and Technology